<?xml version="1.0" encoding="UTF-8"?>
<record
    xmlns:xsi="http://www.w3.org/2001/XMLSchema-instance"
    xsi:schemaLocation="http://www.loc.gov/MARC21/slim http://www.loc.gov/standards/marcxml/schema/MARC21slim.xsd"
    xmlns="http://www.loc.gov/MARC21/slim">

  <leader>01894nam a22002417a 4500</leader>
  <controlfield tag="005">20260331102844.0</controlfield>
  <controlfield tag="008">260331b        |||||||| |||| 00| 0 eng d</controlfield>
  <datafield tag="020" ind1=" " ind2=" ">
    <subfield code="a">9789354661006</subfield>
  </datafield>
  <datafield tag="040" ind1=" " ind2=" ">
    <subfield code="c">AL</subfield>
  </datafield>
  <datafield tag="041" ind1=" " ind2=" ">
    <subfield code="a">eng</subfield>
  </datafield>
  <datafield tag="082" ind1=" " ind2=" ">
    <subfield code="a">621.3822</subfield>
    <subfield code="b">KAND</subfield>
  </datafield>
  <datafield tag="100" ind1=" " ind2=" ">
    <subfield code="a">Nagoor Kani A</subfield>
    <subfield code="9">259768</subfield>
  </datafield>
  <datafield tag="245" ind1=" " ind2=" ">
    <subfield code="a">Digital signal processing for Anna University</subfield>
  </datafield>
  <datafield tag="260" ind1=" " ind2=" ">
    <subfield code="a">New Delhi</subfield>
    <subfield code="b">CBS Publishers and Distributors Pvt Ltd</subfield>
    <subfield code="c">2022</subfield>
  </datafield>
  <datafield tag="300" ind1=" " ind2=" ">
    <subfield code="a">xx,764p</subfield>
    <subfield code="b">PB</subfield>
    <subfield code="c">24x17cm</subfield>
  </datafield>
  <datafield tag="365" ind1=" " ind2=" ">
    <subfield code="2">Electronics and Communication Engineering</subfield>
    <subfield code="a">VBI-2645</subfield>
    <subfield code="b">&#x20B9;581.25</subfield>
    <subfield code="c">&#x20B9;</subfield>
    <subfield code="d">&#x20B9;775.00</subfield>
    <subfield code="e">25%</subfield>
    <subfield code="f">20-02-2026</subfield>
  </datafield>
  <datafield tag="520" ind1=" " ind2=" ">
    <subfield code="a">This book is organized into 5 chapters. The basic concepts of discrete time signals and systems are presented in first chapter and second chapter is devoted to analysis of discrete time systems using Z-transform and Fourier transform. One chapter is devoted to each topic in digital signal processing like discrete Fourier transform (DFT), digital filters and digital signal processors. Considering the highly mathematical nature of this subject, more emphasis has been given to problem-solving methodology. Each chapter provides the foundations and practical implications with a large number of solved numerical examples for better understanding. Salient Features Clear explanation of concepts with appropriate diagrams. Additional explanations for solutions and proofs are provided in separate boxes. Different types of fonts for text, proof and solved problems for better understanding. Step-by-step presentation of proofs and solved problems. Important concepts are summarized at the end of each chapter for quick reference. MATLAB programs related to this book are available free on CBSiCentral App.

</subfield>
  </datafield>
  <datafield tag="650" ind1=" " ind2=" ">
    <subfield code="a">Discrete Time System</subfield>
    <subfield code="9">259769</subfield>
  </datafield>
  <datafield tag="650" ind1=" " ind2=" ">
    <subfield code="a">Fourier Transform DFT and Computation</subfield>
    <subfield code="9">259770</subfield>
  </datafield>
  <datafield tag="650" ind1=" " ind2=" ">
    <subfield code="a">Disgital Filters</subfield>
    <subfield code="9">259771</subfield>
  </datafield>
  <datafield tag="650" ind1=" " ind2=" ">
    <subfield code="a">EEE E&amp;I ICE</subfield>
    <subfield code="9">259772</subfield>
  </datafield>
  <datafield tag="942" ind1=" " ind2=" ">
    <subfield code="2">ddc</subfield>
    <subfield code="c">BK</subfield>
  </datafield>
  <datafield tag="999" ind1=" " ind2=" ">
    <subfield code="c">241085</subfield>
    <subfield code="d">241085</subfield>
  </datafield>
  <datafield tag="952" ind1=" " ind2=" ">
    <subfield code="0">0</subfield>
    <subfield code="1">0</subfield>
    <subfield code="2">ddc</subfield>
    <subfield code="4">0</subfield>
    <subfield code="7">0</subfield>
    <subfield code="8">ECE </subfield>
    <subfield code="a">SE</subfield>
    <subfield code="b">SE</subfield>
    <subfield code="d">2026-03-23</subfield>
    <subfield code="e">Vidyathri Books, Bengaluru-560076</subfield>
    <subfield code="g">581.25</subfield>
    <subfield code="l">0</subfield>
    <subfield code="o">621.3822 KAND</subfield>
    <subfield code="p">SE000361</subfield>
    <subfield code="r">2026-03-31 10:30:46</subfield>
    <subfield code="v">775.00</subfield>
    <subfield code="w">2026-02-20</subfield>
    <subfield code="y">BK</subfield>
  </datafield>
</record>
